Estadísticas para Países de Oceanía

Haz click aquí para intentar la prueba.

Estadísticas generales

  • Esta prueba ha sido intentada 60 veces
  • La puntuación promedio es 13 de 14

Respuestas en el mapa

Las respuestas están codificadas por una escala verde-roja en el mapa de la prueba según el % correcto abajo.
 

Estadísticas de respuestas

País% Correcto
Australia
100%
Fiyi
100%
Islas Marshall
100%
Islas Salomón
100%
Nueva Zelanda
100%
Papua Nueva Guinea
100%
Micronesia
96%
Nauru
96%
Palaos
96%
Kiribati
93%
Tonga
93%
Vanuatu
93%
Samoa
91%
Tuvalu
91%

Distribución de puntuación

Porcentaje por número respondido

Porcentaje de gente con cada puntuación

Historial de tus puntuaciones

No has intentado esta prueba.